000 01783cam a22004694i 4500
003 PE-LiUPU
005 20250731173507.0
008 150616s r 000 0 d
020 _a013527169X
035 _a(Sirsi) i9780135271698
040 _aPE-LiUPU
_bspa
_cPE-LiUPU
_erda
049 _aPRUA
082 0 4 _a254.658
_bY92
_221
100 1 _aYukl, Gary A.,
_eautor.
245 1 0 _aLeadership in Organizations.
264 1 _aNew Jersey :
_bPrentice Hall,
_c1989.
300 _a338 páginas ;
_c23 centímetros
336 _atext
_2rdacontent
337 _aunmediated
_2rdamedia
338 _avolume
_2rdacarrier
504 _aIncluye bibliografía.
505 0 _aSources of power and influence -- Power, influence tactics and leader effectiveness -- The nature of managerial work -- Effective leadership behavior -- Situational theories of effective leader behavior. An integrative model of effective managerial behavior -- Situational determinants of leader behavior -- Managerial traits and skills leadership
526 _aSEG42
526 _aSEG41
526 _aSEG40
526 _aSEG39
526 _aP94
526 _aP87
526 _aP86
526 _aP85
526 _aP77
526 _aP76
526 _aP35
650 0 4 _aLIDERAZGO EN LAS ORGANIZACIONES.
910 _ajck
_bjvq
_cjck
942 _2ddc
_cBOOK
949 _a254.658 Y92
_wDEWEY
_c1
_i40515
_lCCODEBUL1
_mBUL
_r0
_sY
_tBOOK
_u2015-6-16
_xTEOLOGIA
_zUNKNOWN
_0COMPRA
_o.STAFF. Colección General
994 _aC0
_bPEPRU
596 _a1
999 _a254.658 Y92
_wDEWEY
_c58307
_i40515
_f2021-11-10
_g6
_lCCODEBUL1
_mBUL
_r0
_sY
_tBOOK
_u2015-6-16
_xTEOLOGIA
_zUNKNOWN
_0COMPRA
_o.STAFF. Colección General
_d58307
980 _81
_gALBERTO SANCHEZ Responsable de Automatización